logo

Bir Sreshtho Munshi Abdur Rouf Library
Jhenaidah Cadet College

ঢাকা বিশ্ববিদ্যালয়ের আশি বছর (১৯২১-২০০১) / (Record no. 2092)

MARC details
000 -LEADER
fixed length control field 00763nam a2200229 a 4500
001 - CONTROL NUMBER
JCCL Control Number 2092
003 - CONTROL NUMBER IDENTIFIER
JCCL marc code BD-JhCC
005 - DATE AND TIME OF LATEST TRANSACTION
control field 20171106123056.0
008 - FIXED-LENGTH DATA ELEMENTS--GENERAL INFORMATION
fixed length control field 171029s2003 bg a|||| |||| 000 0 ben d
020 ## - INTERNATIONAL STANDARD BOOK NUMBER
International Standard Book Number 9844123410
035 ## - SYSTEM CONTROL NUMBER
system control number (BD-JhCC)2092
040 ## - CATALOGING SOURCE
Original cataloging agency BD-JhCC
Modifying agency BD-JhCC
041 ## - LANGUAGE CODE
Language code of Book ben,Eng
082 ## - DEWEY DECIMAL CLASSIFICATION NUMBER
Classification number 378.196
Author mark and Year ISL 2003
100 ## - MAIN ENTRY--PERSONAL NAME
Personal name ইসলাম, রফিকুল
245 ## - TITLE STATEMENT
Title ঢাকা বিশ্ববিদ্যালয়ের আশি বছর (১৯২১-২০০১) /
Statement of responsibility, etc রফিকুল ইসলাম
260 ## - PUBLICATION, DISTRIBUTION, ETC. (IMPRINT)
Place of publication, distribution, etc ঢাকা :
Name of publisher, distributor, etc অনন্যা,
Date of publication, distribution, etc ২০০৩.
300 ## - PHYSICAL DESCRIPTION
Pagination ৩২০ পৃ. :
Other physical details ill. ;
Dimensions ২১ সেমি.
650 ## - SUBJECT ADDED ENTRY--TOPICAL TERM
Topical term or geographic name as entry element University
Geographic subdivision Dhaka, Bangladesh
942 ## - ADDED ENTRY ELEMENTS (KOHA)
Source of classification or shelving scheme Dewey Decimal Classification
Koha item type Books
Holdings
Source of classification or shelving scheme Damaged status Not for loan Home library Current library Shelving location Date of accession Source of acquisition Cost, normal purchase price Total Checkouts Full call number Barcode Date last seen Copy number Koha item type
Dewey Decimal Classification     JCC Rouf Library JCC Rouf Library General Stacks 10/29/2017 Foundation of tenth's Efforts 250.00   378.196 ISL 2003 2383 10/29/2017 C-1 Books
Dewey Decimal Classification     JCC Rouf Library JCC Rouf Library General Stacks 10/29/2017 Foundation of tenth's Efforts 250.00   378.196 ISL 2003 2382 10/29/2017 C-2 Books

JCC Library | Contacts | JCC Home

Last Update on 23 September 2017
Copyright @ 2017-2020 JCC Rouf Library
Rouf Library, Jhenidah Cadet College (JCC), Bangladesh